| 000 | 01092cad a22002055a 4500 | ||
|---|---|---|---|
| 001 | L156611 | ||
| 008 | 120612e20120611xxk 000 0 eng d | ||
| 035 | _a(Sirsi) u156611 | ||
| 041 | 0 | _aeng | |
| 110 | 2 |
_aLloyds TSB _94126 |
|
| 245 | 0 | 0 |
_aHouse prices in the most picturesque locations rise by £110 000 over the past decade _h[electronic resource] |
| 260 | _c2012 | ||
| 490 |
_aLloyds TSB Press Release _v11 June 2012 |
||
| 520 | _aThe Lloyds TSB Areas of Outstanding Natural Beauty (ANOB) House Price Review which tracks house price movements in postal districts of 32 ANOBs in England excluding Isles of Scilly and Isle of Wight reveals that house prices in some locations have risen by £110 000 since 2002. Surrey Hills is the most expensive ANOB and Solway Coast saw the biggest increase. The review is based on Land Registry data. | ||
| 590 | _aKA | ||
| 651 | 4 |
_aEngland _y886- |
|
| 690 |
_aResidential property _96266 |
||
| 856 | 4 | 0 |
_uhttps://www.lloydsbankinggroup.com/media/pdfs/LTSB/2012/1106_AONB.pdf _zView this item free of charge at www.lloydsbankinggroup.com |
| 942 | _n0 | ||
| 999 |
_c84094 _d84094 |
||